| 000 | 00586nam a2200205 a 4500 | ||
|---|---|---|---|
| 005 | 20210219152851.0 | ||
| 008 | 991125n 000 0 spa u | ||
| 035 | _aUPN01000064202 | ||
| 100 | _aPFEIFER, Rudolf | ||
| 222 | _aEDUCADORES DEL MUNDO | ||
| 245 | _a1990 año internacional de la alfabetización : significado, objetivos, problemas | ||
| 300 | _aII-IV | ||
| 362 | _a1989 No. 3 | ||
| 653 | 0 | _aALFABETIZACION | |
| 653 | 0 | _aANALFABETISMO | |
| 653 | 0 | _aAÑO INTERNACIONAL DE LA ALFABETIZACION | |
| 653 | 0 | _aDERECHOS HUMANOS | |
| 904 |
_aAC _b002013 |
||
| 905 | _aArticulo | ||
| 999 |
_c62477 _d62477 |
||